| 000 | 01431nam a2200337 a 4500 | ||
|---|---|---|---|
| 001 | ebr10728378 | ||
| 003 | CaPaEBR | ||
| 006 | m o u | ||
| 007 | cr cn||||||||| | ||
| 008 | 130716s2013 njuad s 001 0 eng d | ||
| 010 | _z 2013936422 | ||
| 020 | _z9781118553985 (pbk.) | ||
| 020 | _z9781118553954 (e-book) | ||
| 040 |
_aCaPaEBR _cCaPaEBR |
||
| 035 | _a(OCoLC)854569099 | ||
| 050 | 1 | 4 |
_aQH323.5 _b.P49 2013eb |
| 082 | 0 | 4 |
_a570.15195 _223 |
| 100 | 1 | _aPezzullo, John C. | |
| 245 | 1 | 0 |
_aBiostatistics for dummies _h[electronic resource] / _cby John C. Pezzullo. |
| 260 |
_aHoboken, N.J. : _bJohn Wiley & Sons, Inc., _c2013. |
||
| 300 |
_axviii, 390 p. : _bill. |
||
| 440 | 0 | _a--For dummies | |
| 500 | _a"A Wiley brand." | ||
| 500 | _aIncludes index. | ||
| 505 | 0 | _apt. I. Beginning with biostatistics basics -- pt. II. Getting down and dirty with data -- pt. III. Comparing groups -- pt. IV. Looking for relationships with correlation and regression -- pt. V. Analyzing survival data -- pt. VI. The part of tens. | |
| 533 |
_aElectronic reproduction. _bPalo Alto, Calif. : _cebrary, _d2013. _nAvailable via World Wide Web. _nAccess may be limited to ebrary affiliated libraries. |
||
| 650 | 0 | _aBiometry. | |
| 655 | 7 |
_aElectronic books. _2local |
|
| 710 | 2 | _aebrary, Inc. | |
| 856 | 4 | 0 |
_uhttp://site.ebrary.com/lib/rucke/Doc?id=10728378 _zAn electronic book accessible through the World Wide Web; click to view |
| 999 |
_c37177 _d37177 |
||